000
00287nam a22001337a 4500
008
170524b xxu||||| |||| 00| 0 eng d
020
_a
3540102035
041
_a
GER
080
_a
621.3
100
_a
26
101
_a
IM
245
_a
HALBEILTER-ELEKTRONIK
_c
HARTH, W
942
_2
udc
_c
BK
999
_c
14143
_d
14143